书目信息 |
| 题名: |
步入大学
|
|
| 作者: | 王宏 , 熊丙奇 , 王克斌 主编 | |
| 分册: | ||
| 出版信息: | 上海 上海交通大学出版社 2005.08 |
|
| 页数: | 339页 | |
| 开本: | 21cm | |
| 丛书名: | ||
| 单 册: | ||
| 中图分类: | G645.5 | |
| 科图分类: | ||
| 主题词: | 大学生--da xue sheng--学习方法 , 大学生--da xue sheng--学生生活 , 大学生--da xue sheng--就业--基本知识 | |
| 电子资源: | ||
| ISBN: | 7-313-01793-6 | |
| 000 | 01111nam0 2200289 450 | |
| 001 | 012006348889 | |
| 005 | 20060927160929.04 | |
| 010 | @a7-313-01793-6@dCNY15.00 | |
| 100 | @a20060801d2005 km y0chiy0120 ea | |
| 101 | 0 | @achi |
| 102 | @aCN@b310000 | |
| 105 | @ay z 000yy | |
| 200 | 1 | @a步入大学@Abu ru da xue@e大学生学习、生活、就业指导@f王宏, 熊丙奇, 王克斌主编@Fwang hong,xiong bing qi,wang ke bin zhu bian |
| 205 | @a第8版 | |
| 210 | @a上海@c上海交通大学出版社@d2005.08 | |
| 215 | @a339页@d21cm | |
| 330 | @a本书根据新世纪对大学生的要求,分析了大学校园学习生活的诸多现象,涉及大学生学习生活中所遇到的大部分现实问题,并给出了较明确的回答和切实可行的行动指南。 | |
| 517 | 1 | @a大学生学习、生活、就业指导@Ada xue sheng xue xi、sheng huo、jiu ye zhi dao |
| 606 | 0 | @a大学生@Ada xue sheng@x学习方法 |
| 606 | 0 | @a大学生@Ada xue sheng@x学生生活 |
| 606 | 0 | @a大学生@Ada xue sheng@x就业@x基本知识 |
| 690 | @aG645.5@v4 | |
| 701 | 0 | @a王宏@Awang hong@4主编 |
| 701 | 0 | @a熊丙奇@Axiong bing qi@4主编 |
| 701 | 0 | @a王克斌@Awang ke bin@4主编 |
| 801 | 0 | @aCN@c20060927 |
| 905 | @apdsgxy@dG645.5@eW212 | |
| 步入大学:大学生学习、生活、就业指导/王宏, 熊丙奇, 王克斌主编.-第8版.-上海:上海交通大学出版社,2005.08 |
| 339页;21cm |
| ISBN 7-313-01793-6:CNY15.00 |
| 本书根据新世纪对大学生的要求,分析了大学校园学习生活的诸多现象,涉及大学生学习生活中所遇到的大部分现实问题,并给出了较明确的回答和切实可行的行动指南。 |
| ● |
| 相关链接 |
|
|
|
正题名:步入大学
索取号:G645.5/W212
 
预约/预借
| 序号 | 登录号 | 条形码 | 馆藏地/架位号 | 状态 | 备注 |
| 1 | 599244 | 205992443 | 期刊室512/ [索取号:G645.5/W212] | 在馆 | |
| 2 | 599245 | 205992452 | 社科库409/409社科库 12排3列4层/ [索取号:G645.5/W212] | 在馆 | |
| 3 | 599246 | 205992461 | 社科库409/409社科库 12排3列4层/ [索取号:G645.5/W212] | 在馆 |